Online katalóg knižníc regiónu Turca

Aktívne proti rakovine (Record no. 20165)

MARC details
000 -LEADER
fixed length control field 02277cam a2200637 a 4500
001 - CONTROL NUMBER
control field 20165
003 - CONTROL NUMBER IDENTIFIER
control field VRT
005 - DATE AND TIME OF LATEST TRANSACTION
control field 20260117150120.0
008 - FIXED-LENGTH DATA ELEMENTS--GENERAL INFORMATION
fixed length control field 240318s2010 xo oa g f 001 0 slo
015 ## - NATIONAL BIBLIOGRAPHY NUMBER
National bibliography number SNBA2012/06-03075
020 ## - INTERNATIONAL STANDARD BOOK NUMBER
International Standard Book Number 9788055123547
Qualifying information (viaz.)
035 ## - SYSTEM CONTROL NUMBER
System control number 8CFD01BC-DEE4-4A48-8A0F-C7F4BF9492C3
035 ## - SYSTEM CONTROL NUMBER
System control number urn:nbn:sk:snk-amjgjh
035 ## - SYSTEM CONTROL NUMBER
System control number urn:nbn:sk:snk-am001rxl
039 #9 - LEVEL OF BIBLIOGRAPHIC CONTROL AND CODING DETAIL [OBSOLETE]
Level of rules in bibliographic description 202403181337
Level of effort used to assign nonsubject heading access points VLOAD
Level of effort used to assign subject headings 202311301250
Level of effort used to assign classification msnk170
Level of effort used to assign subject headings 201910181036
Level of effort used to assign classification AUTHORITY
Level of effort used to assign subject headings 201808091444
Level of effort used to assign classification VLOAD
040 ## - CATALOGING SOURCE
Original cataloging agency POKPOH
Language of cataloging slo
Transcribing agency POKPOH
Modifying agency SNK
Description conventions AACR2
041 1# - LANGUAGE CODE
Language code of text/sound track or separate title slo
Language code of original ger
044 ## - COUNTRY OF PUBLISHING/PRODUCING ENTITY CODE
MARC country code xo
ISO country code SK
072 #7 - SUBJECT CATEGORY CODE
Subject category code 613
Subject category code subdivision Hygiena. Ľudské zdravie
Source konspekt
080 ## - UNIVERSAL DECIMAL CLASSIFICATION NUMBER
Universal Decimal Classification number 616-006.04
Edition identifier 2001
080 ## - UNIVERSAL DECIMAL CLASSIFICATION NUMBER
Universal Decimal Classification number 613.2
Edition identifier 2001
080 ## - UNIVERSAL DECIMAL CLASSIFICATION NUMBER
Universal Decimal Classification number 616-084
Edition identifier 2001
080 ## - UNIVERSAL DECIMAL CLASSIFICATION NUMBER
Universal Decimal Classification number (035)
Edition identifier 2001
080 ## - UNIVERSAL DECIMAL CLASSIFICATION NUMBER
Universal Decimal Classification number 615.874.2
Edition identifier 2001
100 1# - MAIN ENTRY--PERSONAL NAME
Personal name Coy, Johannes F.,
Dates associated with a name 1963-
Relationship aut
240 14 - UNIFORM TITLE
Uniform title Die Neue Anti-Krebs Ernährung
Language of a work Slovensky
245 10 - TITLE STATEMENT
Title Aktívne proti rakovine
Remainder of title nový pohľad na výživu : [ako zastaviť rakovinový gén]
Statement of responsibility, etc. Johannes F. Coy, Maren Franzová ; [z nemeckého originálu preložila Helena Galanová]
246 30 - VARYING FORM OF TITLE
Title proper/short title Ako zastaviť rakovinový gén
250 ## - EDITION STATEMENT
Edition statement [1. vyd.]
260 ## - PUBLICATION, DISTRIBUTION, ETC.
Place of publication, distribution, etc. Bratislava
Name of publisher, distributor, etc. Ikar
Date of publication, distribution, etc. 2010
300 ## - PHYSICAL DESCRIPTION
Extent 208 s.
Other physical details fareb. fotogr. a ilustr.
Dimensions 24 cm
504 ## - BIBLIOGRAPHY, ETC. NOTE
Bibliography, etc. note Reg. Slovník základných pojmov
650 07 - SUBJECT ADDED ENTRY--TOPICAL TERM
Topical term or geographic name entry element malígne nádorové ochorenia
Source of heading or term SNKPH
650 07 - SUBJECT ADDED ENTRY--TOPICAL TERM
Topical term or geographic name entry element zdravá výživa
Source of heading or term SNKPH
650 07 - SUBJECT ADDED ENTRY--TOPICAL TERM
Topical term or geographic name entry element prevencia ochorení
Source of heading or term SNKPH
650 07 - SUBJECT ADDED ENTRY--TOPICAL TERM
Topical term or geographic name entry element Cancer
Source of heading or term SNKPHeng
650 07 - SUBJECT ADDED ENTRY--TOPICAL TERM
Topical term or geographic name entry element Prevention of diseases
Source of heading or term SNKPHeng
650 07 - SUBJECT ADDED ENTRY--TOPICAL TERM
Topical term or geographic name entry element Healthy eating
Source of heading or term SNKPHeng
650 07 - SUBJECT ADDED ENTRY--TOPICAL TERM
Topical term or geographic name entry element dietoterapia
Source of heading or term SNKPHeng
650 07 - SUBJECT ADDED ENTRY--TOPICAL TERM
Topical term or geographic name entry element Dietotherapy
Source of heading or term SNKPHeng
655 #7 - INDEX TERM--GENRE/FORM
Genre/form data or focus term príručky
Source of term SNKPH
655 #7 - INDEX TERM--GENRE/FORM
Genre/form data or focus term Handbooks, manuals, etc.
Source of term SNKPHeng
700 1# - ADDED ENTRY--PERSONAL NAME
Personal name Franz, Maren,
Dates associated with a name 1968-
Relationship aut
700 1# - ADDED ENTRY--PERSONAL NAME
Personal name Galanová, Helena,
Dates associated with a name 1949-
Relationship trl
942 ## - ADDED ENTRY ELEMENTS (KOHA)
Source of classification or shelving scheme Dewey Decimal Classification
Koha item type Odborná literatúra pre dospelých
Suppress in OPAC No
949 ## - LOCAL PROCESSING INFORMATION (OCLC)
6 273K0524583
a svkpoB 84405
b svkpo529003
949 ## - LOCAL PROCESSING INFORMATION (OCLC)
6 273K0521042
a svkpoB 84405a
b svkpo529725
949 ## - LOCAL PROCESSING INFORMATION (OCLC)
6 17A0687306
a snkSC 143840
b snk2011/2282
o 2864/10
949 ## - LOCAL PROCESSING INFORMATION (OCLC)
6 17A0687305
a snkSC 143840 D1
b snk2011/2284
o 2864/10
s 6100:20210923
949 ## - LOCAL PROCESSING INFORMATION (OCLC)
6 270001000366247
a svkbbB 45756
b svkbbm 715206
980 ## - EQUIVALENCE OR CROSS-REFERENCE-SERIES STATEMENT--PERSONAL NAME/TITLE [LOCAL, CANADA]
Personal name 616-006.04
980 ## - EQUIVALENCE OR CROSS-REFERENCE-SERIES STATEMENT--PERSONAL NAME/TITLE [LOCAL, CANADA]
Personal name 615.874.2
980 ## - EQUIVALENCE OR CROSS-REFERENCE-SERIES STATEMENT--PERSONAL NAME/TITLE [LOCAL, CANADA]
Personal name 613.2
980 ## - EQUIVALENCE OR CROSS-REFERENCE-SERIES STATEMENT--PERSONAL NAME/TITLE [LOCAL, CANADA]
Personal name 616-084
980 ## - EQUIVALENCE OR CROSS-REFERENCE-SERIES STATEMENT--PERSONAL NAME/TITLE [LOCAL, CANADA]
Personal name (035)
Holdings
Stav vyradenia Strata Poškodenie Spôsob nadobudnutia Domovská knižnica Aktuálna knižnica Dátum nadobudnutia Total checkouts Čiarový kód exemplára Date last seen Typ exemplára
      Dar Obecná knižnica Horná Štubňa Obecná knižnica Horná Štubňa 17.01.2026   9788055123547 17.01.2026 Odborná literatúra pre dospelých
Projekt je podporený Slovenskou asociáciou knižníc
Prevádzkuje Turčianska knižnica Martin 2026